000 00930nas a2200277 4500
001 BR8401533
003 BR-BrBNA
005 20231205085839.0
007 ta
008 230509b bl.|||p| |||| 00| 00por d
040 _aBR-BrBNA
_bpor
_cBiblioteca Nacional de Agricultura
041 _a(Pt)
072 _aF60
100 1 _aCereda, M.P.
100 1 _aWosiack, G.
100 1 _aConceicao, F.A.D.
245 1 _aAvaliacao fisico-quimica e reologica de vinte e seis cultivares de batata-doce (Ipomoea batatas (L.)Lam.)
246 1 _aPhysicochemical and rheological evaluation of twenty-six sweet potato cultivars (Ipomoea batatas (L.)Lam.)
650 _aBATATA DOCE
650 _aANALISE QUIMICA
650 _aANALISE FISICA
650 _aRAIZ
773 0 _tHorticultura Brasileira (Brazil)
_xISSN 0102-0536
_g(May 1984), v. 2(1) p. 6-12
_wBR8401533
909 _a202311
_bLúcia
_c55
_dLúcia Elande
942 _2AGRIS
_n0
_cANA
999 _c114246
_d114246